书目信息

书名: 大学化学 
作者: 周长春 主编
出版信息: 徐州   中国矿业大学出版社  2016.06
开本页数: 23cm  236页
丛书名:
单 册:
中图分类: O6
科图分类: O6
主题词: 化学--hua xue
电子资源:
ISBN: 978-7-5646-3155-0
000 00944nam0 22002651 450
001 0112123918
005 20161212123918.0
010    @a978-7-5646-3155-0@dCNY26.00
100    @a20161110d2016 em y0chiy0121 ea
101 @achi
102    @aCN@b320000
105    @aak a 000yy
106    @ar
200 @a大学化学@Ada xue hua xue@f主编周长春
205    @a第2版
210    @a徐州@c中国矿业大学出版社@d2016.06
215    @a236页@c图@d23cm
320    @a有书目 (第236页)
330    @a本书包括: 物质的聚集状态、化学热力学基础、电解质溶液和解离平衡、电化学基础、原子结构、分子结构和晶体结构、单质和无机化合物、配位化合物、有机化合物、相平衡、化学动力学、表面化学与胶体化学、化学与环境保护等。本书反映科技新成果, 注重应用, 知识面广, 深浅适度。
606 @a化学@Ahua xue
690    @aO6@v5
692    @aO6@v5
701  0 @a周长春@Azhou chang chun@4主编
801  0 @aCN@b人天书店@c20161110
905    @aCKNYKJZYXY@b300520671-3@dO6@e546@f3
    
    大学化学/主编周长春.-第2版.-徐州:中国矿业大学出版社,2016.06
    236页:图;23cm
    
    
    ISBN 978-7-5646-3155-0:CNY26.00
    本书包括: 物质的聚集状态、化学热力学基础、电解质溶液和解离平衡、电化学基础、原子结构、分子结构和晶体结构、单质和无机化合物、配位化合物、有机化合物、相平衡、化学动力学、表面化学与胶体化学、化学与环境保护等。本书反映科技新成果, 注重应用, 知识面广, 深浅适度。
相关链接 在五车中查询图书 在当当中查询图书 在豆瓣中查询图书


正题名:大学化学     索取号:O6/546         预约/预借

序号 登录号 条形码 馆藏地/架位号 状态 备注
1 300520671   300520671   柳城-4楼/2架12列2层/ [索取号:O6/546] 在馆    
2 300520672   300520672   柳城-4楼/2架12列2层/ [索取号:O6/546] 在馆    
3 300520673   300520673   柳城-4楼/2架12列2层/ [索取号:O6/546] 在馆